000 00507nam a22001817a 4500
003 BD-ChCU
005 20260506105240.0
008 260506b bg ||||| |||| 00| 0 ben d
040 _cBD-ChCU
082 _a581.87 TRC(2)
100 _aTribe, Michael and Whittaker, Peter.
_922478
245 _aChloroplasts and mitochondria.//
_cTribe, Michael and Whittaker, Peter.
250 _a2nd ed.
260 _aLondon.
_bEdward Arnold.
_c1982
300 _a82p
650 0 _aBotany
_922481
942 _2ddc
_cBK
_n0
999 _c112719
_d112719